000 00625nam a2200217 a 4500
999 _c2888
_d2888
001 2888
003 BD-JhCC
005 20171107203410.0
008 171107s1389 b ||||| |||| 00| 0 ben d
035 _a(BD-JhCC)2888
040 _aBD-JhCC
_dBD-JhCC
041 _aben
082 _a891.443
_bRAY 1389
100 _aরায়, সত্যজিৎ
245 _aমহাসস্কটে শস্কু /
_cসত্যজিৎ রায়
260 _aঢাকা :
_bইডেন প্রেস,
_c১৩৮৯
300 _a87 p. :
_c22cm.
650 _aBengali Novel
942 _2ddc
_cBK